000 00456nam a2200181Ia 4500
001 14749
005 20260306164937.0
008 260306t1998||||xx |||||||||||||| ||spa||
041 _aESP
082 _a519.2
_bD64 1998
100 _aDevore, Jay L.
_eAUT
245 0 _aProbabilidad y estadística para ingeniería y ciencias
260 _c1998
300 _axv, 712 páginas :
_c25 cm.
650 _aGEN
654 _aCMA
942 _cLIB
_dJUS
_fJUS
_2ddc
_n
999 _c14749
_d14749